| 000 | 00712nam a2200229 a 4500 | ||
|---|---|---|---|
| 005 | 20240424063753.0 | ||
| 008 | 991125s1991 mx 000 0 spa u | ||
| 020 | _a9682938198 | ||
| 035 | _aUPN01000058471 | ||
| 049 | _aI | ||
| 050 | 4 |
_aPZ45 _bV4.68 |
|
| 100 | 1 | _aVentura, Piero | |
| 245 | 1 | 4 |
_aLos viajes al Polo Norte / _cPiero Ventura, Gian Paolo Ceserani ; tr. Isabel Vericat. |
| 260 |
_aMéxico : _bSEP, _c1991. |
||
| 300 |
_a44 p. : _bil. |
||
| 534 |
_pTraducción de: _tI viaggi al Polo Nord |
||
| 650 | 4 |
_aExploradores _910041 |
|
| 650 | 0 |
_aViajes y travesías _911045 |
|
| 651 | 4 |
_aPOLO NORTE - _xDESCRIPCION Y VIAJES _91465 |
|
| 700 | 1 |
_aCeserani, Gian Paolo, _d1939- , _ecoaut. |
|
| 905 | _aInfantil | ||
| 999 |
_c58471 _d58471 |
||